MARC details
| 000 -LEADER |
| fixed length control field |
05100cam a22004338i 4500 |
| 001 - CONTROL NUMBER |
| control field |
23144514 |
| 003 - CONTROL NUMBER IDENTIFIER |
| control field |
GBCCL |
| 005 - DATE AND TIME OF LATEST TRANSACTION |
| control field |
20241126110728.0 |
| 007 - PHYSICAL DESCRIPTION FIXED FIELD--GENERAL INFORMATION |
| fixed length control field |
cr_||||||||||| |
| 008 - FIXED-LENGTH DATA ELEMENTS--GENERAL INFORMATION |
| fixed length control field |
230522s2023 miu o 001 0 eng |
| 010 ## - |
| -- |
2023015842 |
| 020 ## - INTERNATIONAL STANDARD BOOK NUMBER |
| International Standard Book Number |
9780310520955 |
| Qualifying information |
(ebook) |
| 020 ## - INTERNATIONAL STANDARD BOOK NUMBER |
| Canceled/invalid ISBN |
9780310520948 |
| Qualifying information |
(hardcover) |
| 040 ## - CATALOGING SOURCE |
| Original cataloging agency |
DLC |
| Language of cataloging |
eng |
| Transcribing agency |
DLC |
| Description conventions |
rda |
| 042 ## - |
| -- |
pcc |
| 050 00 - |
| -- |
BM176 |
| 082 00 - DEWEY DECIMAL CLASSIFICATION NUMBER |
| Classification number |
296.09014 |
| Edition information |
23/eng/20230525 |
| Item number |
ATH |
| 084 ## - OTHER CLASSIFICATION NUMBER |
| Classification number |
REL006210 |
| -- |
HIS002000 |
| Number source |
bisacsh |
| 100 1# - MAIN ENTRY--PERSONAL NAME |
| Personal name |
Athas, George, |
| Relator term |
author. |
| 9 (RLIN) |
17811 |
| 245 10 - TITLE STATEMENT |
| Title |
Bridging the Testaments : |
| Remainder of title |
the history and theology of God's people in the Second Temple period / |
| Statement of responsibility, etc. |
George Athas. |
| 263 ## - PROJECTED PUBLICATION DATE |
| Projected publication date |
2310 |
| 264 #1 - PRODUCTION, PUBLICATION, DISTRIBUTION, MANUFACTURE, AND COPYRIGHT NOTICE |
| Place of production, publication, distribution, manufacture |
Grand Rapids : |
| Name of producer, publisher, distributor, manufacturer |
Zondervan, |
| Date of production, publication, distribution, manufacture, or copyright notice |
2023. |
| 300 ## - PHYSICAL DESCRIPTION |
| Extent |
1 online resource |
| 336 ## - CONTENT TYPE |
| Content type term |
text |
| Content type code |
txt |
| Source |
rdacontent |
| 337 ## - MEDIA TYPE |
| Media type term |
computer |
| Media type code |
c |
| Source |
rdamedia |
| 338 ## - CARRIER TYPE |
| Carrier type term |
online resource |
| Carrier type code |
cr |
| Source |
rdacarrier |
| 500 ## - GENERAL NOTE |
| General note |
Includes index. |
| 505 0# - FORMATTED CONTENTS NOTE |
| Formatted contents note |
Brief Summary of the Early Persian Era (539-465 BC) -- Yahwistic Communities in the ANE -- Artaxerxes I and the Fragile Frontiers -- The Mission of Ezra -- The Mission of Nehemiah -- The Emergence of the Samaritans -- The Jewish Diaspora -- The Final Century of Persian Rule -- Theology During the Late Persian Era -- Persian Imperial Religion -- The Pillars of Israelite Identity -- Reforming Israel -- The Significance of the Land -- Temple and the Presence of Yahweh -- Temple and the Davidic King -- Accepting Persian Hegemony -- The Wisdom of Torah -- The Consolidation of Monotheism -- Eschatology and the Promise of Restoration -- Jews and Samaritans -- Diaspora and the Importance of Ancestry -- Pilgrimage -- The History of the Hellenistic Era -- The Rise of Alexander and the Fall of Persia -- The Hellenistic Kingdoms -- Ptolemy I and the Conquest of Jerusalem -- Palestine: Between the Ptolemies and the Seleucids -- Wrangling in the Priesthood -- Antiochus IV and the Near-Death of Judaism -- The Maccabean Revolt -- The Hasmonean Dynasty -- Theology During the Hellenistic Era -- Political Disappointment and Eschatology -- Political Disappointment and Eschatology -- The Development of Apocalyptic -- Messianic Expectation -- Hierocracy -- Torah Observance in a Hellenistic World -- Development of a canonical consciousness -- Epilogue: The Beginning of the Roman Era -- The Roman Conquest of Palestine -- Caesar Augustus -- Herod the Great. |
| 520 ## - SUMMARY, ETC. |
| Summary, etc. |
"In Bridging the Testaments, George Athas surveys the history of Israel during the post-exilic era (539-4 BC), providing the framework for understanding the place of Israel and Judah as God's covenant people in history, and the theological developments that occurred at the end of the Old Testament period, leading into the New Testament"-- |
| Assigning source |
Provided by publisher. |
| 520 ## - SUMMARY, ETC. |
| Summary, etc. |
"An accessible introduction to the historical and theological developments between the Old and New Testament. Bridging the end of the Old Testament period and the beginning of the New Testament period, this book surveys the history and theological developments of four significant eras in Israel's post-exilic history: the Late Persian Era (465-331 BC), the Hellenistic Era (332-167 BC), the Hasmonean Era (167-63 BC), and the Roman Era (63-4 BC). In doing so, it does away with the notion that there were four hundred years of prophetic silence before Jesus. Bridging the Testaments outlines the political and social developments of these four periods, with particular focus on their impact upon Judeans and Samarians. Using a wide range of biblical and extra-biblical sources, George Athas reconstructs what can be known about the history of Judah and Samaria in these eras, providing the framework for understanding the history of God's covenant people, and the theological developments that occurred at the end of the Old Testament period, leading into the New Testament. In doing so, Athas shows that the notion of a supposed period of four hundred years of prophetic silence is not supported by the biblical or historical evidence. Finally, an epilogue sketches the historical and theological situation prevailing at the death of Herod in 4 BC, providing important context for the New Testament writings.In this way, the book bridges the Old and New Testaments by providing a historical and theological understanding of the five centuries leading up to the birth of Jesus, tracking a biblical theology through them, and abolishing the notion of a four-century prophetic silence"-- |
| Assigning source |
Provided by publisher. |
| 588 ## - SOURCE OF DESCRIPTION NOTE |
| Source of description note |
Description based on print version record and CIP data provided by publisher; resource not viewed. |
| 650 #0 - SUBJECT ADDED ENTRY--TOPICAL TERM |
| Topical term or geographic name entry element |
Judaism |
| General subdivision |
History |
| Chronological subdivision |
Post-exilic period, 586 B.C.-210 A.D. |
| 9 (RLIN) |
114 |
| 650 #7 - SUBJECT ADDED ENTRY--TOPICAL TERM |
| Topical term or geographic name entry element |
RELIGION / Biblical Studies / Old Testament / General |
| Source of heading or term |
bisacsh |
| 9 (RLIN) |
17093 |
| 650 #7 - SUBJECT ADDED ENTRY--TOPICAL TERM |
| Topical term or geographic name entry element |
HISTORY / Ancient / General |
| Source of heading or term |
bisacsh |
| 9 (RLIN) |
17812 |
| 776 08 - ADDITIONAL PHYSICAL FORM ENTRY |
| Relationship information |
Print version: |
| Main entry heading |
Athas, George. |
| Title |
Bridging the Testaments |
| Place, publisher, and date of publication |
Grand Rapids : Zondervan, 2023 |
| International Standard Book Number |
9780310520948 |
| Record control number |
(DLC) 2023015841 |
| 906 ## - LOCAL DATA ELEMENT F, LDF (RLIN) |
| a |
7 |
| b |
cbc |
| c |
orignew |
| d |
1 |
| e |
ecip |
| f |
20 |
| g |
y-gencatlg |
| 942 ## - ADDED ENTRY ELEMENTS (KOHA) |
| Source of classification or shelving scheme |
Dewey Decimal Classification |
| Koha item type |
Books |